|
|
|
|
| LEADER |
01154nam a2200277 u 4500 |
| 001 |
10026950 |
| 003 |
upatras |
| 005 |
20210117205954.0 |
| 008 |
951124s1974 us eng |
| 020 |
|
|
|a 0883181150
|
| 040 |
|
|
|a GR-PaULI
|c GR-PaULI
|
| 041 |
0 |
|
|a eng
|
| 082 |
0 |
4 |
|a 539.12
|
| 245 |
1 |
0 |
|a Causality and physical theories
|b proceedings ...[of] the AIP Conference, held at Wayne State University, Detroit, Michigan on May 11-12, 1973
|c editor: William B. Rolnick
|
| 260 |
|
|
|a New York
|b American Institute of Physics
|c 1974
|
| 300 |
|
|
|a 177 p.
|b fig.
|c 24 cm.
|
| 490 |
0 |
|
|a AIP conference proceedings
|v 16
|
| 504 |
|
|
|a Includes references
|
| 650 |
|
4 |
|a Σωματίδια (Πυρηνική φυσική)
|9 1007
|
| 700 |
1 |
|
|a Rolnick, William B.
|4 edt
|9 152391
|
| 760 |
0 |
|
|a AIP conference proceedings
|g 16
|
| 852 |
|
|
|a GR-PaULI
|b ΠΑΤΡΑ
|b ΦΥΣΙΚΟ
|k ΑΕΧ-1
|h 539.12 ROL
|m 01458
|p 025000019056
|t 1
|
| 942 |
|
|
|2 ddc
|c BK15
|
| 952 |
|
|
|0 0
|1 0
|4 0
|6 539_120000000000000_ROL
|7 0
|9 197334
|a PHYS
|b PHYS
|d 2016-04-24
|i 01458
|l 0
|o 539.12 ROL
|p 025000019056
|r 2016-04-24 00:00:00
|t 1
|w 2016-04-24
|y BK15
|
| 998 |
|
|
|c ΔΡΑΚΟΠΟΥΛΟΥ
|d 2001-12
|
| 999 |
|
|
|c 121143
|d 121143
|